000 00958nam a2200301Ia 4500
001 Z_2813
003 CHAP
008 220113s1969 xx 000 0 und d
010 _a165856
040 _cCHAP
082 _a636.0824 N35
100 _aNalbandov, Andrew Vladimir
_980092
245 _aFisiología de la reproducción : fisiología de la reproducción comparada de los animales domésticos, animales de laboratorio y el hombre /
_cA. V. Nalbandov ; traducción Arsenio Fraile Ovejero
260 _aEspaña :
_bAcribia,
_c1969
300 _a303 p.
503 _aej.1: s/n \ ej.2: C/E \ ej.3: donación \ ej.4:
504 _aIncluye bibliografía
650 _aFisiología comparada
_941133
650 _aReproducción
_996027
650 _aReproducción animal
_996028
700 1 _aFraile Ovejero, Arsenio
_etraductor
_9139899
901 _a636.0824 N35
902 _aM
910 _a1969
942 _c1
942 _cc1
999 _c165856
_d165856